Kluby piłkarskie Burkina Faso - nagła śmierć - Statystyki

Ogólne statystyki
  • Ten quiz został rozwiązany 17 razy
  • Średni wynik to 4 z 12
Answers on the Grid
Answers color-coded by a green-red scale on the quiz's grid according to % correct below.
Canon Jaunde
USFA Ouagadougou
Global Pharma FC
Étoile Filante Ouagadougou
ASFA Yennenga
Salitas FC
Horoya AC
Rahimo FC
ASF Bobo-Dioulasso
Aigle Noir CS
AS SONABEL
ASEC Mimosas
Majestic FC
Real du Faso
Béké FC de Bembéréké
Rail Club du Kadiogo
Sporting Cascades
Espoir FC Zinder
ASEC Koudougou
ASC Sonacos
 
Statystyki odpowiedzi
Odpowiedź % Poprawnych
USFA Ouagadougou
67%
ASEC Koudougou
53%
Étoile Filante Ouagadougou
53%
ASF Bobo-Dioulasso
47%
Real du Faso
47%
Rail Club du Kadiogo
33%
ASFA Yennenga
27%
Rahimo FC
27%
AS SONABEL
20%
Majestic FC
20%
Salitas FC
20%
Sporting Cascades
20%
Nie znaleziono quizów pasujących do podanych kryteriów
Rozkład punktacji
Procent ludzi z każdym wynikiem
Percentyl według liczby udzielonych odpowiedzi
Twoja historia wyników
Nie rozwiązałeś tego quizu